Нижегородский край. Ч.1: Природа (Запись № 13484003)
[ простой вид ]
| 000 -МАРКЕР | |
|---|---|
| контрольное поле | 01453nam2a22003011 4500 |
| 001 - ИДЕНТИФИКАТОР ЗАПИСИ | |
| контрольное поле | RU\NLR\A1SV\85886 |
| 005 - ИДЕНТИФИКАТОР ВЕРСИИ | |
| контрольное поле | 20251203152403.2 |
| 035 ## - ДРУГИЕ СИСТЕМНЫЕ НОМЕРА | |
| Идентификатор записи | (NLR Aleph) 009767291 |
| 100 ## - ДАННЫЕ ОБЩЕЙ ОБРАБОТКИ | |
| Данные общей обработки | 20080306d1925 u y0rusy50 ca |
| 101 0# - ЯЗЫК РЕСУРСА | |
| Язык текста, звукозаписи и т.д. | русский |
| 200 1# - ЗАГЛАВИЕ И СВЕДЕНИЯ ОБ ОТВЕТСТВЕННОСТИ | |
| Основное заглавие | Природа |
| 210 ## - ПУБЛИКАЦИЯ, РАСПРОСТРАНЕНИЕ И ДР. | |
| Дата издания, распространения и т.д. | 1925 |
| 215 ## - ФИЗИЧЕСКАЯ ХАРАКТЕРИСТИКА | |
| Специфическое обозначение материала и объем | 93, [2] с. |
| 300 ## - ОБЩИЕ ПРИМЕЧАНИЯ | |
| Текст примечания | Авт.: Н.Романов, А.Скворцов, Б.Серебряков, М.Аверкиев, С.Станков, А.Писнячевский |
| 461 #1 - УРОВЕНЬ НАБОРА | |
| Встроенное поле | 001RU\NLR\A1SV\85885 |
| -- | 2000#$aНижегородский край$e[Сб. ст.]$eПособие для учителей шк. I и II ступ.$fПод ред. Архангельского, С.И., Балахонова, А.Г., Калигина, И.Г. и [и др.]$vЧ.1 |
| Системный номер (АБИС) связанной записи | 10042159 |
| Место публикации | Н.-Новгород |
| Дата публикации | 1925-1926 |
| Первые сведения об ответственности | Под ред. Архангельского, С.И., Балахонова, А.Г., Калигина, И.Г. и [и др.] |
| Имя издателя, распространителя и т.д. | Шк. и жизнь |
| Сведения, относящиеся к заглавию | [Сб. ст.] : Пособие для учителей шк. I и II ступ. |
| Заглавие | Нижегородский край |
| Номер тома | Ч.1 |
| 702 #1 - ИМЯ ЛИЦА - ВТОРИЧНАЯ ОТВЕТСТВЕННОСТЬ | |
| Начальный элемент ввода | Романов |
| Часть имени, кроме начального элемента ввода | Н. |
| 702 #1 - ИМЯ ЛИЦА - ВТОРИЧНАЯ ОТВЕТСТВЕННОСТЬ | |
| Начальный элемент ввода | Скворцов |
| Часть имени, кроме начального элемента ввода | А. |
| 702 #1 - ИМЯ ЛИЦА - ВТОРИЧНАЯ ОТВЕТСТВЕННОСТЬ | |
| Начальный элемент ввода | Серебряков |
| Часть имени, кроме начального элемента ввода | Б. |
| 702 #1 - ИМЯ ЛИЦА - ВТОРИЧНАЯ ОТВЕТСТВЕННОСТЬ | |
| Начальный элемент ввода | Аверкиев |
| Часть имени, кроме начального элемента ввода | М. |
| 702 #1 - ИМЯ ЛИЦА - ВТОРИЧНАЯ ОТВЕТСТВЕННОСТЬ | |
| Начальный элемент ввода | Станков |
| Часть имени, кроме начального элемента ввода | С. |
| 702 #1 - ИМЯ ЛИЦА - ВТОРИЧНАЯ ОТВЕТСТВЕННОСТЬ | |
| Начальный элемент ввода | Писнячевский |
| Часть имени, кроме начального элемента ввода | А. |
| 801 #0 - ИСТОЧНИК ЗАПИСИ | |
| Страна | Российская Федерация |
| Организация | NLR |
| Дата составления | 20080306 |
| 852 ## - МЕСТОНАХОЖДЕНИЕ И ШИФР ХРАНЕНИЯ | |
| Идентификатор организации | NLR |
| Шифр хранения (Call Number) | 21/453-1 |
| 942 ## - ДОПОЛНИТЕЛЬНЫЕ ЭЛЕМЕНТЫ ЗАПИСИ (АБИС) | |
| Тип экземпляра АБИС | Книга |
| 980 ## - КОЛЛЕКЦИЯ | |
| Название коллекции | Международный сводный каталог русской книги (1918-1926) |
| 980 ## - КОЛЛЕКЦИЯ | |
| Название коллекции | Национальная библиография |
Нет доступных экземпляров.